[Event "ROM-ch (Women)"]
[Site "Eforie Nord"]
[Date "2024.02.27"]
[Round "5"]
[White "Sunea, Sara Maria"]
[Black "Trifoi, Mihaela Ioana"]
[Result "1/2-1/2"]
[WhiteElo "1573"]
[BlackElo "2003"]
[PlyCount "105"]
[EventDate "2024.02.24"]
[EventType "swiss"]
[EventRounds "9"]
[EventCountry "ROU"]
[SourceTitle "CB10_2024"]
[SourceDate "2024.03.06"]
[SourceVersion "1"]
[SourceVersionDate "2024.03.06"]
[SourceQuality "1"]

1. e4 c6 2. d4 d5 3. exd5 cxd5 4. Bf4 Nf6 5. c3 Bg4 6. Qb3 Qc8 7. Nd2 e6 8. Ngf3 Nc6 9. Bd3 Be7 10. 0-0 Bh5 11. Rae1 Bg6 12. Qc2 a6 13. Bxg6 hxg6 14. Qd3 b5 15. a3 Qb7 16. Nb3 0-0 17. Nc5 Bxc5 18. dxc5 Ne4 19. b4 a5 20. Nd4 axb4 21. axb4 Nxd4 22. Qxd4 Ra3 23. f3 Nf6 24. Be5 Ne8 25. Bg3 Qc6 26. Ra1 Ra6 27. h3 f6 28. Qd3 Kf7 29. Qd1 Rxa1 30. Qxa1 Qb7 31. Rf2 e5 32. Ra2 Kg8 33. Ra7 Qc6 34. Qa5 Rf7 35. Ra6 Qc8 36. Ra8 Qd7 37. Qb6 Kh7 38. Rd8 Qe7 39. Qb8 Rf8 40. c6 Kg8 41. Bf2 d4 42. cxd4 exd4 43. Bxd4 Qxb4 44. c7 Nxc7 45. Rxf8+ Qxf8 46. Qxc7 Qe8 47. Qc3 Qe6 48. Bf2 g5 49. Qe3 Qd7 50. Qd4 Qc6 51. Qc5 Qd7 52. Bg3 Qd3 53. Qc8+ 1/2-1/2

[Event "ROM-ch (Women)"]
[Site "Eforie Nord"]
[Date "2024.02.26"]
[Round "4"]
[White "Bira, Andrada Paraschiva"]
[Black "Sunea, Sara Maria"]
[Result "1/2-1/2"]
[WhiteElo "1590"]
[BlackElo "1573"]
[PlyCount "88"]
[EventDate "2024.02.24"]
[EventType "swiss"]
[EventRounds "9"]
[EventCountry "ROU"]
[SourceTitle "CB10_2024"]
[SourceDate "2024.03.06"]
[SourceVersion "1"]
[SourceVersionDate "2024.03.06"]
[SourceQuality "1"]

1. d4 d5 2. Nf3 e6 3. g3 Nf6 4. Bg2 c5 5. 0-0 Nc6 6. b3 Be7 7. Bb2 0-0 8. c4 Bd7 9. cxd5 exd5 10. Nc3 Be6 11. dxc5 Bxc5 12. Rc1 Qe7 13. Nb5 Ne4 14. Nbd4 Rac8 15. Nxc6 bxc6 16. Nd4 Rfd8 17. Qd3 Bxd4 18. Qxd4 Nf6 19. e3 Bf5 20. Rfe1 a5 21. Qa4 Qb4 22. Bc3 Qxa4 23. bxa4 Rd7 24. Bf1 Ne4 25. Bd4 c5 26. Ba6 Rcc7 27. Bb2 Re7 28. Red1 Be6 29. h4 f6 30. Ba3 Re8 31. Bd3 c4 32. Bxe4 dxe4 33. Rc3 Rb7 34. Kg2 Kf7 35. Rd4 Kg6 36. Rd6 Rb1 37. Rc2 Rbb8 38. Bc5 Rbd8 39. Rxd8 Rxd8 40. Bb6 Ra8 41. Bd4 Rb8 42. Bc3 Bg4 43. Rb2 Rd8 44. Rd2 Rb8 1/2-1/2

[Event "EU-ch U12 Girls 31st"]
[Site "Mamaia"]
[Date "2023.09.11"]
[Round "6"]
[White "Sunea, Sara Maria"]
[Black "Bashirli, Saadat"]
[Result "1-0"]
[WhiteElo "1670"]
[BlackElo "1559"]
[PlyCount "99"]
[EventDate "2023.09.05"]
[EventType "swiss"]
[EventRounds "9"]
[EventCountry "ROU"]
[SourceTitle "EXT 2024"]
[Source "ChessBase"]
[SourceDate "2023.10.10"]
[SourceVersion "1"]
[SourceVersionDate "2023.10.10"]
[SourceQuality "1"]

1. e4 c5 2. Nf3 Nc6 3. d4 cxd4 4. Nxd4 g6 5. c4 Nf6 6. Nc3 Nxd4 7. Qxd4 d6 8. f3 Bg7 9. Be3 0-0 10. Qd2 Be6 11. Rc1 Qa5 12. Nd5 Qxd2+ 13. Kxd2 Bxd5 14. cxd5 Rfc8 15. Rxc8+ Rxc8 16. g3 b6 17. Bh3 Rc7 18. Rc1 Ne8 19. b4 Rxc1 20. Kxc1 Nc7 21. Bd7 Kf8 22. Kc2 e6 23. Bc6 Ke7 24. Kd3 Kd8 25. a4 exd5 26. exd5 Na6 27. Kc4 Kc7 28. g4 Nb8 29. Be8 f5 30. g5 Be5 31. h3 a6 32. h4 Bg3 33. h5 Nd7 34. f4 Nf8 35. b5 a5 36. h6 Be1 37. Bd4 Bd2 38. Bg7 Nd7 39. Bxg6 Bxf4 40. Bxh7 Bxg5 41. Bxf5 Ne5+ 42. Kc3 Bxh6 43. Bxh6 Nf7 44. Bf4 Nd8 45. Kd3 Nb7 46. Be3 Nd8 47. Bg6 Nb7 48. Ke4 Nd8 49. Kf5 Kd7 50. Kf6 1-0

[Event "EU-ch U12 Girls 31st"]
[Site "Mamaia"]
[Date "2023.09.09"]
[Round "5"]
[White "Sunea, Sara Maria"]
[Black "Kalyoncu, Beren"]
[Result "1-0"]
[WhiteElo "1670"]
[BlackElo "1595"]
[PlyCount "117"]
[EventDate "2023.09.05"]
[EventType "swiss"]
[EventRounds "9"]
[EventCountry "ROU"]
[SourceTitle "EXT 2024"]
[Source "ChessBase"]
[SourceDate "2023.10.10"]
[SourceVersion "1"]
[SourceVersionDate "2023.10.10"]
[SourceQuality "1"]

1. d4 d5 2. Nc3 c5 3. Bf4 Nc6 4. e4 cxd4 5. exd5 dxc3 6. dxc6 Qxd1+ 7. Rxd1 bxc6 8. Bc7 Bf5 9. bxc3 Rc8 10. Ba5 Bd7 11. Ba6 Rb8 12. Nf3 Nf6 13. Ne5 e6 14. Bc7 Rb2 15. Bc8 Nd5 16. Bxd7+ Ke7 17. Bd8+ Kxd8 18. Nxf7+ Kxd7 19. Nxh8 Ke8 20. 0-0 g6 21. Rb1 Rb6 22. c4 Nc3 23. Rbe1 Ke7 24. Re3 Bg7 25. Rh3 Rb8 26. Rxh7 Kf6 27. Nxg6 Kxg6 28. Rh3 Bd4 29. Rg3+ Kf6 30. Rf3+ Ke7 31. a3 Rb2 32. h4 Bf6 33. h5 Rxc2 34. Re1 Ne2+ 35. Kf1 Nd4 36. Rh3 Rxc4 37. h6 Nf5 38. Rb1 Rh4 39. Rb7+ Kf8 40. Rb8+ Ke7 41. h7 Rc4 42. h8Q Bxh8 43. Rbxh8 Rc1+ 44. Ke2 Rc2+ 45. Ke1 Ra2 46. Rd3 Ra1+ 47. Ke2 Ra2+ 48. Kf3 Kf6 49. g4 Ne7 50. Rh6+ Ng6 51. Kg3 Ra1 52. Re3 e5 53. Rh7 Rg1+ 54. Kf3 e4+ 55. Rxe4 Ne5+ 56. Ke2 Ra1 57. Rxa7 Ra2+ 58. Ke3 Ra1 59. g5+ 1-0

[Event "EU-chT U12 Girls"]
[Site "Iasi"]
[Date "2023.07.30"]
[Round "7.1"]
[White "Sunea, Sara Maria"]
[Black "Abak, Tuana"]
[Result "1-0"]
[WhiteElo "1440"]
[BlackElo "1410"]
[PlyCount "51"]
[EventDate "2023.07.24"]
[EventType "team-swiss"]
[EventRounds "7"]
[EventCountry "ROU"]
[SourceTitle "CBM 215 Extra"]
[Source "ChessBase"]
[SourceDate "2023.09.30"]
[SourceVersion "1"]
[SourceVersionDate "2023.09.30"]
[SourceQuality "1"]
[WhiteTeam "Romania U12 Girls"]
[BlackTeam "Turkey U12 Girls"]
[WhiteTeamCountry "ROU"]
[BlackTeamCountry "TUR"]

1. d4 Nf6 2. Bf4 d5 3. e3 e6 4. Nf3 c5 5. c3 Nc6 6. Bd3 Be7 7. Nbd2 Qb6 8. Rb1 Bd7 9. 0-0 0-0 10. Ne5 Qd8 11. Bg3 Re8 12. f4 Bf8 13. Bh4 Be7 14. Rf3 c4 15. Bxf6 Bxf6 16. Bxh7+ Kf8 17. Rh3 Bxe5 18. fxe5 Qg5 19. Qf3 Ke7 20. Rh5 Qxh5 21. Qxh5 Rh8 22. Qg5+ Kf8 23. Rf1 Ke8 24. Qxg7 Rf8 25. Rxf7 Rxf7 26. Bg6 1-0

[Event "EU-chT U12 Girls"]
[Site "Iasi"]
[Date "2023.07.25"]
[Round "2.1"]
[White "Sunea, Sara Maria"]
[Black "Beber, Anja"]
[Result "1/2-1/2"]
[WhiteElo "1440"]
[BlackElo "1799"]
[PlyCount "62"]
[EventDate "2023.07.24"]
[EventType "team-swiss"]
[EventRounds "7"]
[EventCountry "ROU"]
[SourceTitle "CBM 215 Extra"]
[Source "ChessBase"]
[SourceDate "2023.09.30"]
[SourceVersion "1"]
[SourceVersionDate "2023.09.30"]
[SourceQuality "1"]
[WhiteTeam "Romania U12 Girls"]
[BlackTeam "Slovenia U12 Girls"]
[WhiteTeamCountry "ROU"]
[BlackTeamCountry "SLO"]

1. d4 c6 2. Bf4 Nf6 3. e3 g6 4. Nc3 d5 5. Nf3 Bg7 6. Qd2 0-0 7. Be2 Nbd7 8. h4 h5 9. Ne5 Nxe5 10. Bxe5 Ne4 11. Nxe4 Bxe5 12. Ng5 Bg7 13. 0-0-0 e5 14. Rdg1 exd4 15. exd4 Bh6 16. f4 f5 17. Rh3 Bxg5 18. hxg5 Be6 19. Rgh1 Kf7 20. Re3 Qd6 21. Re5 Rae8 22. Re1 Re7 23. Qe3 Rfe8 24. Qh3 Kg7 25. Qc3 a6 26. Qa5 Kf7 27. Bf3 Kg7 28. R1e3 Kf7 29. Rb3 Qc7 30. Qc5 Qd7 31. Rb6 Qc7 1/2-1/2

[Event "EU-ch U10 Girls 30th"]
[Site "Antalya"]
[Date "2022.11.14"]
[Round "9"]
[White "Gulishyan, Eseniya"]
[Black "Sunea, Sara Maria"]
[Result "1-0"]
[WhiteElo "1258"]
[BlackElo "1355"]
[PlyCount "114"]
[EventDate "2022.11.06"]
[EventType "swiss"]
[EventRounds "9"]
[EventCountry "TUR"]
[SourceTitle "EXT 2024"]
[Source "ChessBase"]
[SourceDate "2023.10.10"]
[SourceVersion "1"]
[SourceVersionDate "2023.10.10"]
[SourceQuality "1"]

1. f4 d5 2. Nf3 Nf6 3. e3 Bf5 4. d4 e6 5. Bd3 Be7 6. 0-0 0-0 7. Qe2 c5 8. c3 Bxd3 9. Qxd3 c4 10. Qe2 Ne4 11. Nbd2 f5 12. Ne5 Nd7 13. g4 Qc7 14. Qg2 b5 15. a3 a5 16. Ndf3 b4 17. Bd2 bxc3 18. Bxc3 Nxc3 19. bxc3 Rab8 20. Kh1 Bd6 21. Rg1 Bxe5 22. fxe5 f4 23. Qh3 Qd8 24. exf4 Rxf4 25. g5 Qe7 26. g6 h6 27. Ng5 Rf5 28. Rg4 Nf8 29. Nf7 Rb3 30. Nxh6+ gxh6 31. g7 Nh7 32. Qxh6 Rf7 33. Rag1 Rb8 34. Rh4 Qxh4 35. Qxh4 Rxg7 36. Rxg7+ Kxg7 37. Qe7+ Kh8 38. Qxe6 Rd8 39. Qe7 Rb8 40. Qd6 Rb3 41. e6 Rxc3 42. e7 Re3 43. Qd8+ Kg7 44. e8Q Rxe8 45. Qxe8 Nf6 46. Qb5 Kg6 47. Qxa5 Kf5 48. Qd8 Ke6 49. a4 Ne4 50. Qe8+ Kd6 51. Qe5+ Kc6 52. Kg2 c3 53. Qe6+ Nd6 54. Qe1 Ne4 55. h4 Kb6 56. h5 Ka5 57. h6 Kxa4 1-0

[Event "Wch U10 Girls"]
[Site "Batumi"]
[Date "2022.09.21"]
[Round "6"]
[White "Rzadkowska, Kaja"]
[Black "Sunea, Sara Maria"]
[Result "0-1"]
[WhiteElo "1258"]
[BlackElo "1440"]
[PlyCount "114"]
[EventDate "2022.09.16"]
[EventType "swiss"]
[EventRounds "11"]
[EventCountry "GEO"]
[SourceTitle "EXT 2023"]
[Source "ChessBase"]
[SourceDate "2022.10.05"]
[SourceVersion "1"]
[SourceVersionDate "2022.10.05"]
[SourceQuality "1"]

1. e4 c5 2. Nc3 Nc6 3. Bb5 g6 4. Bxc6 bxc6 5. d3 Bg7 6. Nge2 d5 7. f4 e6 8. 0-0 Ne7 9. Qe1 0-0 10. Qg3 Ba6 11. Qh3 c4 12. Nd1 cxd3 13. cxd3 dxe4 14. Nec3 Qxd3 15. Qxd3 exd3 16. Bd2 Nf5 17. Nf2 Nd4 18. Nfe4 Ne2+ 19. Kh1 Rab8 20. Rab1 Rfd8 21. Rfd1 Nxc3 22. Bxc3 Bxc3 23. Nxc3 d2 24. Kg1 Bd3 25. Ra1 Bc2 26. Rf1 Rd7 27. b3 Rbd8 28. Nd1 Bxd1 29. Raxd1 Rd3 30. Rf2 Kg7 31. Kf1 Kf6 32. Re2 R8d4 33. g3 Ke7 34. Kf2 Kd6 35. Re3 Kc5 36. Rxd3 Rxd3 37. Ke2 Rd8 38. a3 Kb5 39. Ke3 a5 40. Rxd2 Rxd2 41. Kxd2 f6 42. Kd3 a4 43. b4 c5 44. bxc5 Kxc5 45. Kc3 e5 46. fxe5 fxe5 47. h3 e4 48. Kd2 Kd4 49. g4 g5 50. Ke2 e3 51. Ke1 Kd3 52. Kd1 e2+ 53. Ke1 Ke3 54. h4 gxh4 55. g5 h3 56. g6 h2 57. g7 h1Q# 0-1

[Event "EU-ch Hybrid U10 Girls"]
[Site "Tornelo INT"]
[Date "2021.10.15"]
[Round "8"]
[White "Sunea, Sara Maria"]
[Black "Sokolova, Regina"]
[Result "0-1"]
[WhiteElo "1342"]
[BlackElo "1364"]
[PlyCount "146"]
[EventDate "2021.10.15"]
[EventType "swiss"]
[EventRounds "9"]
[EventCountry "NET"]
[SourceTitle "EXT 2023"]
[Source "ChessBase"]
[SourceDate "2022.10.05"]
[SourceVersion "1"]
[SourceVersionDate "2022.10.05"]
[SourceQuality "1"]
[WhiteTeam "Romania"]
[BlackTeam "Russia"]
[WhiteTeamCountry "ROU"]
[BlackTeamCountry "RUS"]

1. e4 e6 2. d4 d5 3. Nd2 dxe4 4. Nxe4 Bd7 5. Nf3 Bc6 6. Bd3 Nd7 7. Bf4 Ngf6 8. Qe2 Be7 9. 0-0 h6 10. h3 Nxe4 11. Bxe4 Bxe4 12. Qxe4 c6 13. Rfe1 0-0 14. Ne5 Nxe5 15. Bxe5 Bf6 16. Re3 Bxe5 17. Qxe5 Qd5 18. c3 Qxe5 19. Rxe5 Rfd8 20. Rae1 Rd5 21. Kh2 Rc8 22. Kg3 Kf8 23. Kf4 g5+ 24. Kg4 Rd7 25. Kh5 Kg7 26. Ra5 b6 27. Rae5 Rdc7 28. R1e3 Re7 29. h4 gxh4 30. Kxh4 Kh7 31. Kh5 Rg8 32. g4 Rg6 33. Rh3 Re8 34. f4 Reg8 35. g5 hxg5 36. Kg4+ Kg7 37. Rxg5 Rxg5+ 38. fxg5 Rd8 39. Rd3 c5 40. b3 Rd5 41. Kf4 Kg6 42. Ke4 Rxg5 43. dxc5 Rxc5 44. Rd7 Rxc3 45. Rxa7 Rc2 46. Rb7 Rxa2 47. Rxb6 f5+ 48. Kf4 Kf6 49. b4 Rb2 50. b5 Rb4+ 51. Kf3 Ke5 52. Rb8 Kd6 53. b6 Kc6 54. Re8 Re4 55. Rb8 e5 56. Kg3 f4+ 57. Kf3 Rb4 58. Re8 Rb3+ 59. Kf2 Kd5 60. Rb8 Ke4 61. b7 Rb2+ 62. Kf1 Kf3 63. Ke1 e4 64. Kd1 e3 65. Rh8 Rxb7 66. Rh3+ Ke4 67. Ke2 Rb2+ 68. Ke1 f3 69. Kd1 Rd2+ 70. Kc1 Rd6 71. Rh4+ Kd3 72. Rf4 f2 73. Kb1 e2 0-1

[Event "EU-ch Hybrid U10 Girls"]
[Site "Tornelo INT"]
[Date "2021.10.15"]
[Round "2"]
[White "Valiyeva, Asnad"]
[Black "Sunea, Sara Maria"]
[Result "1/2-1/2"]
[WhiteElo "1173"]
[BlackElo "1342"]
[PlyCount "84"]
[EventDate "2021.10.15"]
[EventType "swiss"]
[EventRounds "9"]
[EventCountry "NET"]
[SourceTitle "EXT 2023"]
[Source "ChessBase"]
[SourceDate "2022.10.05"]
[SourceVersion "1"]
[SourceVersionDate "2022.10.05"]
[SourceQuality "1"]
[WhiteTeam "Azerbaijan"]
[BlackTeam "Romania"]
[WhiteTeamCountry "AZE"]
[BlackTeamCountry "ROU"]

1. d4 Nf6 2. Bf4 c5 3. e3 Nd5 4. Bxb8 Rxb8 5. c3 e6 6. Nd2 b6 7. Ngf3 Bb7 8. Be2 Be7 9. 0-0 0-0 10. h3 Qc7 11. Rc1 Rbc8 12. a3 Nf6 13. Bd3 Qc6 14. Re1 Qc7 15. Qc2 cxd4 16. exd4 Qf4 17. Ne4 Nxe4 18. Bxe4 Bxe4 19. Rxe4 Qf5 20. Qe2 d5 21. Re3 Bg5 22. Nxg5 Qxg5 23. Re1 Kh8 24. Rg3 Qh4 25. Qf3 Rce8 26. Re3 a6 27. Qe2 b5 28. Re5 h6 29. Rge3 Rd8 30. Kh2 Qf4+ 31. g3 Qf6 32. f4 Kg8 33. f5 exf5 34. Qf3 f4 35. gxf4 Qc6 36. Re2 Rd6 37. Rg2 Rfd8 38. Rge2 Rg6 39. R2e3 Qc4 40. Re2 Qc6 41. Rf5 Rf6 42. Rfe5 Rg6 1/2-1/2